[Event "GRE-chT Online Rapid op 1st"]
[Site "Tornelo INT"]
[Date "2021.02.21"]
[Round "7.35"]
[White "Chatzigavriil, Georgios A"]
[Black "Apostolidis, Athanasios"]
[Result "0-1"]
[WhiteElo "1274"]
[BlackElo "1114"]
[PlyCount "92"]
[EventDate "2021.02.20"]
[EventType "team-swiss (rapid)"]
[EventRounds "9"]
[EventCountry "GRE"]
[SourceTitle "EXT 2023"]
[Source "ChessBase"]
[SourceDate "2022.10.05"]
[SourceVersion "1"]
[SourceVersionDate "2022.10.05"]
[SourceQuality "1"]

1. e4 e5 2. Nf3 Nc6 3. Bb5 a6 4. Ba4 Nf6 5. 0-0 b5 6. Bb3 Bc5 7. d3 d6 8. Nc3 h6 9. Nd5 Be6 10. Nxf6+ Qxf6 11. Qe2 Bg4 12. Bd5 Nd4 13. Nxd4 Bxe2 14. Nxe2 Rd8 15. Bc6+ Ke7 16. Bd2 h5 17. Be3 Bb6 18. Bxb6 cxb6 19. Bd5 Rc8 20. c3 g5 21. Ng3 Qf4 22. Nf5+ Kd7 23. Rad1 b4 24. c4 b5 25. b3 bxc4 26. Bxc4 Rc6 27. f3 g4 28. fxg4 Qxg4 29. Ng3 Rf8 30. Nf5 a5 31. Rf3 Rg8 32. Rg3 Qxd1+ 33. Kf2 Rxg3 34. Kxg3 Qg4+ 35. Kf2 Rc7 36. Bb5+ Ke6 37. Bc4+ Kf6 38. h3 Qf4+ 39. Ke2 Rxc4 40. bxc4 Ke6 41. Ne3 Qg5 42. Kf2 a4 43. Ke2 b3 44. axb3 axb3 45. Nd1 Qxg2+ 46. Ke3 Qc2 0-1

[Event "GRE-chT Online Rapid op 1st"]
[Site "Tornelo INT"]
[Date "2021.02.21"]
[Round "9.37"]
[White "Terzakis, Georgios"]
[Black "Apostolidis, Athanasios"]
[Result "0-1"]
[WhiteElo "1205"]
[BlackElo "1114"]
[PlyCount "108"]
[EventDate "2021.02.20"]
[EventType "team-swiss (rapid)"]
[EventRounds "9"]
[EventCountry "GRE"]
[SourceTitle "EXT 2023"]
[Source "ChessBase"]
[SourceDate "2022.10.05"]
[SourceVersion "1"]
[SourceVersionDate "2022.10.05"]
[SourceQuality "1"]

1. d4 Nf6 2. c4 g6 3. Nc3 Bg7 4. Nf3 d6 5. Bg5 h6 6. Bh4 0-0 7. e3 g5 8. Bg3 c5 9. Bd3 a6 10. 0-0 Bg4 11. h3 Bd7 12. a4 Nc6 13. Ne4 Nxe4 14. Bxe4 Qb6 15. dxc5 Qxc5 16. Qc2 Rab8 17. Rfd1 Be6 18. Bd5 Bxd5 19. Rxd5 Nb4 20. Rxc5 Nxc2 21. Rc1 dxc5 22. Bxb8 Rxb8 23. Rxc2 Rd8 24. Rd2 Rxd2 25. Nxd2 Bxb2 26. a5 Bc3 27. Nb3 Bb4 28. Kf1 Kf8 29. Ke2 Ke8 30. Kd3 Kd7 31. Ke4 Ke6 32. g4 Kd6 33. f4 Ke6 34. Kf3 f5 35. e4 fxg4+ 36. hxg4 gxf4 37. Kxf4 Kf6 38. e5+ Kg6 39. Ke4 e6 40. Kf4 h5 41. gxh5+ Kxh5 42. Kf3 Kg5 43. Ke4 Kg4 44. Nc1 Bxa5 45. Nd3 Bb6 46. Ne1 Kg5 47. Nf3+ Kg6 48. Kf4 a5 49. Ng5 a4 50. Nxe6 a3 51. Ng5 a2 52. e6 Kf6 53. Ke4 a1Q 54. Kd5 Qe5# 0-1